Innovations in food packaging / (Record no. 20742)
[ view plain ]
| 000 -LEADER | |
|---|---|
| fixed length control field | 01397cam a2200205Mi 4500 |
| 020 ## - INTERNATIONAL STANDARD BOOK NUMBER | |
| ISBN | 9780123946010 (hbk) : |
| 020 ## - INTERNATIONAL STANDARD BOOK NUMBER | |
| ISBN | 0123946018 (hbk) |
| 040 ## - CATALOGING SOURCE | |
| Transcribing agency | AU@ |
| 082 04 - DEWEY DECIMAL CLASSIFICATION NUMBER | |
| Classification number | 664 HAN 2014 A118 Or. |
| 245 00 - TITLE STATEMENT | |
| Title | Innovations in food packaging / |
| 250 ## - EDITION STATEMENT | |
| Edition statement | Second edition |
| 300 ## - PHYSICAL DESCRIPTION | |
| Number of Pages | xx, 603 pages : |
| Other physical details | illustrations ; |
| Dimensions | 25 cm |
| 490 1# - SERIES STATEMENT | |
| Series statement | Food science and technology international series |
| 500 ## - GENERAL NOTE | |
| General note | Formerly CIP. |
| 520 ## - SUMMARY, ETC. | |
| Summary, etc | This book examines the whole range of modern packaging options. It covers edible packaging based on carbohydrates, proteins, and lipids, antioxidative and antimicrobial packaging, and chemistry issues of food and food packaging, such as plasticization and polymer morphology. The primary functions of food packaging are to protect and preserve food quality and to enhance safety. To achieve these, packaging research has traditionally been focused on the developments of new barrier packaging materials and package designs. Since the late 90s, however, various innovations have been comprehensively studied and these emerging technologies have extended research topics from the primary function of food packaging to secondary functions including reduction of environmental impact, sales promotion and improvement of convenience for handling, distribution, and consumption |
| 650 #0 - SUBJECT ADDED ENTRY--TOPICAL TERM | |
| Topical Term | Food |
| 650 #0 - SUBJECT ADDED ENTRY--TOPICAL TERM | |
| Topical Term | Food |
| 700 1# - ADDED ENTRY--PERSONAL NAME | |
| Personal name | Han, Jung H., |
| 942 ## - ADDED ENTRY ELEMENTS (KOHA) | |
| Koha item type | ADB |
| 952 ## - LOCATION AND ITEM INFORMATION (KOHA) | |
| Withdrawn status [LOCAL, KOHA] | 0 |
| Permanent Location | Date acquired | Koha item type | Lost status | Shelving location | Barcode | Current Location | Full call number |
|---|---|---|---|---|---|---|---|
| Library Block A | 2022-11-23 | ADB | A118 | a069959 | Library Block A | 664 HAN 2014 A118 Or. |